DELF B2 : 200 activités
সংরক্ষণ করুন:
| প্রধান লেখক: | |
|---|---|
| বিন্যাস: | গ্রন্থ |
| ভাষা: | Undetermined |
| প্রকাশিত: |
Paris
CLE international
2006
|
| বিষয়গুলি: | |
| ট্যাগগুলো: |
ট্যাগ যুক্ত করুন
কোনো ট্যাগ নেই, প্রথমজন হিসাবে ট্যাগ করুন!
|
| Thư viện lưu trữ: | Trung tâm Học liệu Trường Đại học Cần Thơ |
|---|
| LEADER | 00564nam a2200193Ia 4500 | ||
|---|---|---|---|
| 001 | CTU_237339 | ||
| 008 | 210402s9999 xx 000 0 und d | ||
| 082 | |a 448.24 | ||
| 082 | |b B655/B.2 | ||
| 100 | |a Bloomfield, Anatole | ||
| 245 | 0 | |a DELF B2 : | |
| 245 | 0 | |b 200 activités | |
| 245 | 0 | |c Anatole Bloomfield, Emmanuelle Dail | |
| 260 | |a Paris | ||
| 260 | |b CLE international | ||
| 260 | |c 2006 | ||
| 650 | |a French language,French language,French language,Ngôn ngữ Pháp | ||
| 904 | |i Hải | ||
| 980 | |a Trung tâm Học liệu Trường Đại học Cần Thơ | ||